00560 2200193 4500245005400000020002200054250001100076100002700087700001700114700004100131700002200172650002100194005001900215260007600234041001400310084001000324300002300334336000900357 aBerapa Berat Udara?cYasaswini SampathkumarhText a978-623-472-511-7 aCet. 1 aYasaswini Sampathkumar aShohei Emura aMuhammad Dirgantara Esa Valentino Am aMarike Ivone Onsu aCerita Bergambar a20240930134942 aJakartabKementerian Pendidikan, Kebudayaan, Riset, dan Teknologic2021 aIndonesia a741.5 a32 hlm. :c22,9 cm atext